000 00773nab a2200241 u 4500
001 15869
003 HDC
007 cr bn ---aaaaa
008 210219c20110110my dr|noo 0 a may d
040 _aHDC
245 0 _aKetiadaan akta khusus jejas industri halal
260 _a[No place] :
_b[publisher not identified],
_c2011
336 _atext
_2rdacontent
337 _acomputer
_2rdamedia
338 _aonline resource
_2rdacarrier
650 _aHalal industry
_9144
650 _aHalal lab
_910336
710 _aBerita Harian
856 _zRequest full-text at [email protected]
942 _2lcc
942 _cNEWS
942 _kNWSO 005605
999 _c13185
_d13185